=LDR 00000nam 2200000 4500 =001 INLIS000000000003873 =005 20130612092157 =008 ***********************************Ind** =035 ##$$0010-061300000003873 =041 ##$$a Ind =082 ##$$a 510 =090 ##$$a 510, Wil p =100 ##$$a Wilarjo, Liek =245 ##$$a Pengantar matematika untuk mahasiswa sosial-ekonomi, Liek Wilardjo =260 ##$$a 1995 $b Bandung =300 ##$$a 9a, 89 hlm., ilis., 28 cm =650 ##$$a Matematika =850 ##$$a NBPNMAT